All Mobile Legends : Bang Bang Heroes Quiz - Statistics

General Stats
  • This quiz has been taken 2,394 times
    1,853 since last reset
  • The average score is 71 of 126
Answer Stats
Default Skin Name Name % Correct
Moonlight Archer Miya
98%
Demon Hunter Alucard
87%
Queen of Blood Alice
86%
Energy Gunner Layla
86%
Panda Warrior Akai
85%
Sweet Leonin Nana
82%
Spear of Dragon Zilong
81%
Crimson Shadow Hayabusa
80%
Monkey King Sun
80%
Maiden of the Glacier Aurora
79%
Blade of Roses Lancelot
79%
Kung Fu Boy Chou
78%
Bloody Beast Balmond
77%
Moon Elf King Estes
77%
Deadly Sniper Lesley
77%
Warrior of Dawn Tigreal
77%
Little Red Hood Ruby
75%
Swan Princess Odette
74%
Black Dragon Yu Zhong
74%
Son of Flames Valir
73%
Dire Wolf Hunter Roger
72%
Windtalker Vale
72%
Prince of the Abyss Dyrroth
71%
Valkyrie Freya
71%
Scarlet Flower Hanabi
71%
Dark Angel Argus
70%
Cyan Finch Ling
70%
West Justice Clint
69%
Holy Blade Gusion
69%
Lightning Weaver Eudora
68%
Blade Dancer Fanny
68%
Bunnylove Angela
67%
Wings of Holiness Rafaela
67%
Mage Genius Harley
66%
Onmyouji Master Kagura
66%
Shadow Blade Karina
66%
Fortress Titan Grock
65%
Akuma Ninja Hanzo
65%
Ocean Goddess Kadita
65%
Martial Genius Yin
64%
Frozen Warrior Franco
63%
Timekeeper Diggie
62%
Death Chanter Granger
62%
Son of Minos Minotaur
62%
Lord Lava Thamuz
62%
Agile Tiger Wanwan
62%
Wild Engine Johnson
61%
Wandering Sword Saber
61%
Abyssal Witch Selena
61%
Duke of Shards Aamon
60%
Guard of Nature Belerick
60%
Master Thief Claude
60%
Yin-yang Geomancer Luo Yi
60%
Cursed Needle Melissa
59%
Professor of the Mystics Gord
58%
Little Witch Lylia
58%
Shimmer of Hope Vexana
58%
Spacetime Walker Natan
57%
Ashura King Martis
56%
Starsoul Magician Cyclops
55%
Spear of Quiescence Moskov
55%
Bright Claw Natalia
55%
Blade of Enmity Alpha
54%
Dino Rider Barats
54%
Jetpack Rebel Kimmy
54%
Time Traveler Harith
53%
Ocean Gladiator Atlas
52%
Tribal Warrior Badang
52%
Moon Palace Immortal Chang'e
52%
The Budding Hope Floryn
51%
Jungle Heart Irithel
51%
Scarlet Raven Julian
51%
Steel Elf Lolita
51%
Twilight Goddess Lunox
51%
Ms. Violet Guinevere
50%
Shadowbringer Helcurt
50%
Desert Scimitar Khaleed
50%
Defier of Light Xavier
50%
Frozen King Bane
49%
Embrace of Night Cecilion
49%
Cosmic Wayfinder Nolan
49%
Imperial Knightess Silvanna
49%
Firaga Armor X.Borg
49%
Paenlong Legend Yi Sun Shin
49%
Astrologer Esmeralda
48%
Wings of Vengeance Pharsa
48%
Mystic Tortoise Baxia
47%
Mighty Legend Gatotkaca
47%
Courageous Blade Lapu-Lapu
47%
Soul Contractor Aldous
46%
Power of Megalith Hilda
46%
Desert Tyrant Khufra
46%
Shadow of Twilight Carmilla
45%
Flash of Miracle Joy
45%
Mask of the Immortal Suyou
45%
The King of Swarms Zhask
45%
The Protector Bruno
44%
Buoyant Performer Cici
44%
Icefield Companions Popol and Kupa
44%
Beacon of Spirits Zhuxin
44%
Executioner Terizla
43%
Steel Sweetheart Jawhead
42%
Lost Star Karrie
42%
Soul Binder Faramis
41%
Sworn Sword Leomord
41%
The Heavenly Fist Paquito
41%
Astrowarden Yve
41%
Arclight Outlaw Ixia
40%
Nazar King Kaja
40%
The Lone Star Brody
39%
Dawnbreak Soldier Beatrix
38%
Swamp Spirits Gloo
38%
Aethereal Defender Uranus
38%
Shadow Ranger Benedetta
37%
Phase Technician Chip
37%
Grand Warden Hylos
37%
Wild-oats Fist Masha
37%
Prophetess of the Night Valentina
37%
Ancient Guard Edith
35%
Star Rebel Novaria
35%
Courageous Warrior Minsitthar
34%
Warrior of Ferocity Aulus
33%
Rogue Appraiser Fredrinn
33%
Lone Lancer Arlott
32%
Swift Plume Mathilda
32%
Chains of Sin Phoveus
30%
No matching quizzes found
Score Distribution
Percent of People with Each Score
Percentile by Number Answered
Your Score History
You have not taken this quiz since the last reset